000 00551nam a2200169Ia 4500
008 130821s1951 fr gr fre
040 _aCo-BoUCM
_bspa
041 0 0 _afre
100 1 _aWitenberg, J. C.
245 1 0 _aOnus probandi
_bdevant les juridictions arbitrales
_cJ. C. Witenberg
260 _aParís (Francia)
_bA. Pedone
_c1951
300 _a342 páginas
650 0 4 _aArbitramento internacional
_99307
650 0 4 _aTribunales administrativos
_925870
942 _cLIBRO
_a8
_e1
_mW372
_2DEWEY
_h341.522
999 _c62561
_d62561